| 000 | 00478nam a22001817a 4500 | ||
|---|---|---|---|
| 005 | 20260420122958.0 | ||
| 008 | 260420b |||||||| |||| 00| 0 eng d | ||
| 020 | _a978-81-203-3707-7 | ||
| 050 | _aGB 661 .D37 2023 | ||
| 100 | _aDAS, MADAN MOHAN | ||
| 245 | _aHYDROLOGY. | ||
| 260 |
_aDELHI, _bPHI LEARNING PRIVATE LIMITED, _c2023. |
||
| 300 | _aXV,340 P, ILL | ||
| 500 | _aINCLUDES INDEX. | ||
| 650 | _aWATER SUPPLY. | ||
| 700 | _aSAIKIA, MIMI DAS | ||
| 942 |
_2lcc _cBK |
||
| 999 |
_c217020 _d217020 |
||